000 00507nam a2200169Ia 4500
003 GCL
008 140319s9999 xx 000 0 ara d
040 _aGCL /
_cGCL
082 0 4 _a001.6425
_bع ب
100 1 _aعمر مكداشى
245 1 0 _aالبرمجة باللغة العربية /
_cعمر مكداشى
260 _a[S.N] :
_bدار الراتب الجامعية ،
_c1971
300 _a192 ص
490 _a
650 0 4 _aبرامج الحاسبات الالكترونية
942 _2ddc
_cBK
999 _c53212
_d53212